University practical physics (Record no. 78519)

MARC details
000 -LEADER
fixed length control field 00971nam a2200181 a 4500
008 - FIXED-LENGTH DATA ELEMENTS--GENERAL INFORMATION
fixed length control field 120416s1984 ||||||||||||||||| || u
050 ## - LIBRARY OF CONGRESS CALL NUMBER
Classification number QC 33 Bha
100 ## - MAIN ENTRY--PERSONAL NAME
Personal name Bhattacharya, C. K
245 10 - TITLE STATEMENT
Title University practical physics
246 ## -
-- with viva-voce
260 ## - PUBLICATION, DISTRIBUTION, ETC.
Place of publication, distribution, etc. New Delhi
Name of publisher, distributor, etc. CBS Publishers
Date of publication, distribution, etc. 1984
300 ## - PHYSICAL DESCRIPTION
Extent In various pagings : ill
350 ## -
-- 0.00
995 ## -
-- BINDERY (DAMAGED)
-- 0.00
-- 726210
-- CBU-MAIN LIBRARY (Kitwe)
-- 2
-- 4000.00
-- QC 33 Bha
-- 4
-- DAMAGED
-- 012141
-- Main Library Open Access Collection
995 ## -
-- BINDERY (DAMAGED)
-- 0.00
-- 726208
-- CBU-MAIN LIBRARY (Kitwe)
-- 3
-- 4000.00
-- QC 33 Bha
-- 1
-- DAMAGED
-- 012138
-- Main Library Open Access Collection
995 ## -
-- BINDERY (DAMAGED)
-- 0.00
-- 726209
-- CBU-MAIN LIBRARY (Kitwe)
-- 1
-- 4000.00
-- QC 33 Bha
-- 2
-- DAMAGED
-- 012139
-- Main Library Open Access Collection
995 ## -
-- BINDERY (DAMAGED)
-- 0.00
-- 726207
-- CBU-MAIN LIBRARY (Kitwe)
-- 4
-- 4000.00
-- QC 33 Bha
-- 3
-- DAMAGED
-- 012140
-- Main Library Open Access Collection
999 ## -
-- 78519
-- 78519
Holdings
Withdrawn status Lost status Source of classification or shelving scheme Damaged status Not for loan Permanent Location Current Location Shelving location Date acquired Total Checkouts Full call number Barcode Date last seen Copy number Price effective from Koha item type
          CBU-MAIN LIBRARY, KITWE. CBU-MAIN LIBRARY, KITWE.   05/17/2023   QC 33 Bha 012141 05/17/2023 1 05/17/2023 MONOGRAPH
          CBU-MAIN LIBRARY, KITWE. CBU-MAIN LIBRARY, KITWE.   05/17/2023   QC 33 Bha 012138 05/17/2023 2 05/17/2023 MONOGRAPH
          CBU-MAIN LIBRARY, KITWE. CBU-MAIN LIBRARY, KITWE.   05/17/2023   QC 33 Bha 012139 05/17/2023 3 05/17/2023 MONOGRAPH
          CBU-MAIN LIBRARY, KITWE. CBU-MAIN LIBRARY, KITWE.   05/17/2023   QC 33 Bha 012140 05/17/2023 4 05/17/2023 MONOGRAPH